000 00443nam a2200181Ia 4500
001 13394
003 IN-NITTTR
005 20251114233125.0
008 251113s9999||||xx |||||||||||||| ||eng||
040 _beng
040 _cIN-NITTTR
041 _aeng
082 _a004 S44D
100 _aSime, M. E.
245 0 _aDesigning for human-computer communication. /
_cSime, M. E., Coombs, M. J.
700 _a Coombs, M. J.
942 _2ddc
_cBK
999 _c16030
_d16030